Alex Turners Entire Career Discography (2025) - Statistics

General Stats
  • This quiz has been taken 39 times
  • The average score is 112 of 203
Answer Stats
Answer % Correct
505
90%
Brianstorm
90%
Favourite Worst Nightmare
86%
Fluorescent Adolescent
86%
Riot Van
86%
Suck It and See
86%
The Car
86%
Whatever People Say I Am, That's What I'm Not
86%
Balaclava
81%
Fake Tales of San Francisco
81%
I Bet You Look Good On The Dancefloor
81%
Teddy Picker
81%
This House is a Circus
81%
When The Sun Goes Down
81%
Arabella
76%
Body Paint
76%
Cornerstone
76%
Crying Lightning
76%
D is for Dangerous
76%
Do I Wanna Know?
76%
Humbug
76%
I Wanna Be Yours
76%
Old Yellow Bricks
76%
Piledriver Waltz
76%
Piledriver waltz
76%
R U Mine?
76%
Snap Out Of It
76%
Stuck on the puzzle
76%
Stuck on the puzzle - intro
76%
The Bakery
76%
Tranquility Base Hotel & Casino
76%
Why'd You Only Call Me When You're High?
76%
A Certain Romance
71%
AM
71%
Cigarette Smoke
71%
Dancing Shoes
71%
Fireside
71%
Four Out Of Five
71%
From The Ritz To The Rubble
71%
Hello You
71%
If You Were There, Beware
71%
Mardy Bum
71%
My Propeller
71%
No. 1 Party Anthem
71%
No Buses
71%
Only Ones Who Know
71%
There'd Better Be A Mirrorball
71%
Vertigo
71%
7
67%
Big Ideas
67%
Black Treacle
67%
Cigarette Smoker Fiona
67%
Dangerous Animals
67%
I Ain't Quite Where I Think I Am
67%
I Want It All
67%
Knee Socks
67%
Love is a Laserquest
67%
Miracle Aligner
67%
Perhaps Vampires Is A Bit Strong But...
67%
Sculptures Of Anything Goes
67%
Secret Door
67%
She's Thunderstorms
67%
Star Treatment
67%
Sweet Dreams, TN
67%
The Ultracheese
67%
Too Much To Ask
67%
Used To Be My Girl
67%
Who The F*** Are Arctic Monkeys?
67%
Anyways
62%
Baby I'm Yours
62%
Batphone
62%
Beneath The Boardwalk
62%
Bigger Boys and Stolen Sweethearts
62%
Brick By Brick
62%
Do Me a Favour
62%
Everything You've Come To Expect
62%
Everything You've Come To Expect (Deluxe Edition)
62%
Glass in the park
62%
Hiding tonight
62%
Jet Skis On The Moat
62%
Leave Before The Lights Come On
62%
Library Pictures
62%
Mad Sounds
62%
Mr Schwartz
62%
One For The Road
62%
Temptation
62%
The Bad Thing
62%
The Dream Synopsis
62%
The Hellcat Spangled Shalalala
62%
The World's First Ever Monster Truck Front Flip
62%
You Probably Couldn't See For The Lights But You Were Staring Straight At Me
62%
2013
57%
American Sports
57%
Aviation
57%
Chun Li Flying Bird Kick
57%
Da Frame 2R
57%
Dance Little Liar
57%
Despair In The Departure Lounge
57%
Don't Sit Down 'Cause I've Moved Your Chair
57%
Dracula Teeth
57%
Electricity
57%
Fire And The Thud
57%
Golden Trunks
57%
Les Cactus
57%
Matador
57%
One Point Perspective
57%
Perfect Sense
57%
Plastic Tramp
57%
Pretty Visitors
57%
Red Light Indicates Doors Are Secured
57%
Science Fiction
57%
Settle For A Draw
57%
She Looks Like Fun
57%
Standing Next To Me
57%
Stop The World I Wanna Get Off With You
57%
That's Where You're Wrong
57%
The Age Of the Understatement
57%
The Dream Synopsis - The Dream Synopsis EP Version
57%
The Jeweller's Hands
57%
The View From The Afternoon
57%
You're So Dark
57%
All My Own Stunts
52%
Aviation - The Dream Synopsis EP Version
52%
Catapult
52%
Evil Twin
52%
Fright Lined Dining Room
52%
My Mistakes Were Made For You
52%
Nettles
52%
Put Your Dukes Up John
52%
Reckless Serenade
52%
Red Right Hand
52%
Still Take You Home
52%
The Blond-O-Sonic Shimmer Trap
52%
The Death Ramps
52%
Bad Woman
48%
Don't Forget Whose Legs You're On
48%
Girlie
48%
I.D.S.T.
48%
If You Found This It's Probably Too Late
48%
Joining The Dots
48%
Potion Approaching
48%
Ravey Ravey Ravey Club
48%
She Does The Woods
48%
Sketchead
48%
Space Invaders
48%
Stickin' To The Floor
48%
Submarine
48%
Temptation Greets You Like Your Naughty Friend
48%
The Afternoon's Hat
48%
The Bourne Identity
48%
What If You Were Right The First Time?
48%
You and I
48%
Choo Choo
43%
In My Room
43%
Is This What You Wanted
43%
Little Illusion Machine (Wirral Riddler)
43%
Scummy
43%
Belladonna of Sadness
38%
Black Plant
38%
Calm Like You
38%
Da Frame 2R / Matador
38%
Five Minutes With Arctic Monkeys
38%
Gas Dance
38%
Hang The Cyst
38%
I Haven't Got My Strange
38%
It's hard to get around the wind
38%
Knock a Door Run
38%
Live at The Royal Albert Hall
38%
On the Run From the MI5
38%
Pattern
38%
The Meeting Place
38%
Time Has Come Again
38%
Bad Habits
33%
Curtains Closed
33%
Diamonds Are Forever
33%
Paris Summer
33%
R U Mine? / Electricity
33%
Separate And Ever Deadly
33%
The Element Of Surprise
33%
Totally Wired
33%
Wavin' Bye to the Train or the Bus
33%
If I Had a Tail
29%
In The Heat Of The Morning
29%
The Chamber
29%
Bones
24%
I Don't Like You Anymore
24%
Only The Truth
24%
This Is Your Life
24%
Vanishing Point
24%
-
19%
Audeline
19%
Frankie
19%
M.T.M.E.
19%
My Little Red Book
19%
Two Hearts In Two Weeks
19%
Wondrous Place
19%
Cupid
14%
Mirage
14%
Mystery Girl
14%
Sequels
14%
Shades
14%
The Machine
14%
'Til You're Mine
14%
No matching quizzes found
Score Distribution
Percent of People with Each Score
Percentile by Number Answered
Your Score History
You have not taken this quiz